Luis XIV el Rey Sol / (Record no. 182067)
[ view plain ]
| 000 -LEADER | |
|---|---|
| campo de control de longitud fija | 00722nam a2200181 i 4500 |
| 001 - NÚMERO DE CONTROL | |
| campo de control | 182067 |
| 003 - IDENTIFICADOR DE NÚMERO DE CONTROL | |
| campo de control | ES-MaACL |
| 005 - FECHA Y HORA DE LA ÚLTIMA TRANSACCIÓN | |
| campo de control | 20250705063018.0 |
| 008 - DATOS DE LONGITUD FIJA--INFORMACIÓN GENERAL | |
| campo de control de longitud fija | 130529s1941 sp |||| | spa d |
| 100 1# - ENTRADA PRINCIPAL--NOMBRE DE PERSONA | |
| Nombre de persona | Saint-Simon, Louis de Rouvroy, |
| Títulos y otros términos asociados al nombre | duc de, |
| Fechas asociadas al nombre | 1675-1755 |
| 9 (RLIN) | 132295 |
| 245 10 - MENCIÓN DEL TÍTULO | |
| Título | Luis XIV el Rey Sol / |
| Mención de responsabilidad, etc. | Duque de Saint-Simon ; versión española de José Mª Borrás. |
| 260 ## - PUBLICACIÓN, DISTRIBUCIÓN, ETC. | |
| Lugar de publicación, distribución, etc. | Barcelona : |
| Nombre del editor, distribuidor, etc. | Edic. Ave, |
| Fecha de publicación, distribución, etc. | [1941] ( |
| Fabricante | Tall. S.G. de P.) |
| 300 ## - DESCRIPCIÓN FÍSICA | |
| Extensión | 95 p. ; |
| Dimensiones | 20 cm. |
| 600 04 - PUNTO DE ACCESO ADICIONAL DE MATERIA--NOMBRE DE PERSONA | |
| Nombre de persona | Luis |
| Numeración | XIV, |
| Títulos y otros términos asociados al nombre | Rey de Francia |
| 9 (RLIN) | 74697 |
| 700 1# - ENTRADA AGREGADA--NOMBRE PERSONAL | |
| Nombre de persona | Borrás i Codina, Josep M. |
| 9 (RLIN) | 30565 |
| 852 ## - LOCALIZACIÓN | |
| Ubicación | ES-MaACL |
| Número de control de estantería | 2114-F-16 |
| Nota libre | .- Donativo de los herederos de la biblioteca de Mª del Pilar Costa Palacín |
| Estatus retirado | Estado de pérdida | Estado de daño | No para préstamo | Colección | Biblioteca de origen | Biblioteca actual | Ubicación en estantería | Fecha de adquisición | Fuente de adquisición | Total de préstamos | Signatura topográfica completa | Código de barras | Visto por última vez | Precio de reemplazo | Tipo de ítem Koha |
|---|---|---|---|---|---|---|---|---|---|---|---|---|---|---|---|
| Colección de folletos | Biblioteca del Ateneo de Madrid | Biblioteca del Ateneo de Madrid | Depósito folletos | 29/05/2013 | 2114-F-16 | 1191328 | 23/02/2023 | 23/02/2023 | Folleto |
